| 000 | 00621nam a2200205Ia 4500 | ||
|---|---|---|---|
| 003 | OSt | ||
| 005 | 20250130112204.0 | ||
| 008 | 210210b1982 xxu||||| |||| 00| 0 eng d | ||
| 040 | _cAL | ||
| 041 | _aKannada | ||
| 082 | _aK894.9 MURS | ||
| 100 |
_aMURTIRAV (E N) _9130659 _dಮೂರ್ತಿರಾವ್(ಎ ಎನ್) |
||
| 245 |
_aSahitya mattu Satya _bಸಾಹಿತ್ಯ ಮತ್ತು ಸತ್ಯ |
||
| 260 |
_aMaisuru _bD V K Murti _c1982 |
||
| 300 | _a134,ii | ||
| 650 |
_aSahitya Kale Samskrati Bharatiyate Vimarshe _9130660 |
||
| 690 |
_aKannada Criticism _9130661 |
||
| 906 | _a041988 | ||
| 942 |
_2ddc _cBK |
||
| 999 |
_c91846 _d91846 |
||